|
|
|
|
| LEADER |
00000nam0a2200000 4500 |
| 001 |
57642 |
| 005 |
20231031054356.0 |
| 035 |
|
|
|a (RuTPU)RU\TPU\book\60859
|
| 035 |
|
|
|a RU\TPU\order\3360
|
| 090 |
|
|
|a 57642
|
| 100 |
|
|
|a 20031208d1998 m y0rusy50 ca
|
| 101 |
0 |
|
|a rus
|
| 102 |
|
|
|a RU
|
| 105 |
|
|
|a y j 001zy
|
| 200 |
1 |
|
|a Применение вычислительной техники при поверке и калибровке средств электрических измерений
|e учебное пособие
|f А. Р. Усеинов
|g Академия стандартизации, метрологии и сертификации (учебная) Госстандарта России
|
| 210 |
|
|
|a Москва
|c АСМС
|d 1998
|
| 215 |
|
|
|a 47 с.
|
| 320 |
|
|
|a Библиография: с. 47
|
| 610 |
1 |
|
|a электрические измерения
|
| 610 |
1 |
|
|a средства измерений
|
| 610 |
1 |
|
|a поверка
|
| 610 |
1 |
|
|a калибровка
|
| 610 |
1 |
|
|a вычислительная техника
|
| 610 |
1 |
|
|a применение
|
| 610 |
1 |
|
|a программируемые микрокалькуляторы
|
| 610 |
1 |
|
|a ПМК
|
| 610 |
1 |
|
|a автоматические вычисления
|
| 610 |
1 |
|
|a программы
|
| 610 |
1 |
|
|a учебные пособия
|
| 675 |
|
|
|a 621.317.7.089.6(075.8)
|v 3
|
| 700 |
|
|
|a Усеинов
|b А. Р.
|g Альфрит Рашидович
|
| 712 |
0 |
2 |
|a Академия стандартизации, метрологии и сертификации (учебная) Госстандарта России
|2 stltpush
|3 (RuTPU)RU\TPU\col\802
|
| 801 |
|
1 |
|a RU
|b 63413507
|c 20030617
|g PSBO
|
| 801 |
|
2 |
|a RU
|b 63413507
|c 20190902
|g PSBO
|
| 942 |
|
|
|c BK
|
| 959 |
|
|
|a 72/20030617
|d 1
|e 198
|f ЧЗКДП
|